Cuentas claras / (Registro nro. 6865)
[ vista simple ]
| 000 -LEADER | |
|---|---|
| fixed length control field | 00969nam a22001937a 4500 |
| 003 - CONTROL NUMBER IDENTIFIER | |
| control field | OSt |
| 005 - DATE AND TIME OF LATEST TRANSACTION | |
| control field | 20200918144652.0 |
| 008 - FIXED-LENGTH DATA ELEMENTS--GENERAL INFORMATION | |
| fixed length control field | 200918s2001 ck ||||gr|||| 00| 0dspa d |
| 040 ## - CATALOGING SOURCE | |
| Original cataloging agency | CO-JMCR |
| Transcribing agency | CO-JMCR |
| 082 04 - DEWEY DECIMAL CLASSIFICATION NUMBER | |
| Edition number | 23 |
| Classification number | 923.2 / |
| Item number | V297c |
| 100 1# - MAIN ENTRY--PERSONAL NAME | |
| Personal name | Vargas Lleras, Germán, |
| Relator term | autor |
| 9 (RLIN) | 10529 |
| 245 10 - TITLE STATEMENT | |
| Title | Cuentas claras / |
| Statement of responsibility, etc. | Germán Vargas Lleras |
| 260 ## - PUBLICATION, DISTRIBUTION, ETC. | |
| Place of publication, distribution, etc. | Bogotá : |
| Name of publisher, distributor, etc. | Gamavisión-Osva, |
| Date of publication, distribution, etc. | 2001. |
| 300 ## - PHYSICAL DESCRIPTION | |
| Extent | 324 páginas ; |
| Dimensions | 23 cm. |
| 505 0# - FORMATTED CONTENTS NOTE | |
| Formatted contents note | A modo de presentación -- La lucha contra la corrupción -- Narcotráfico, un tema de peligroso trámite -- La lucha por la seguridad de los colombianos -- Justicia, algo más que procedimientos -- Reforma política, financiación de campañas electorales y consultas internas de los partidos -- La lucha por la eficiencia y eficacia del estado colombiano -- Otros sistemas |
| 650 24 - SUBJECT ADDED ENTRY--TOPICAL TERM | |
| Topical term or geographic name entry element | Política, |
| General subdivision | Práctica |
| Geographic subdivision | Colombia |
| 9 (RLIN) | 10530 |
| 650 24 - SUBJECT ADDED ENTRY--TOPICAL TERM | |
| Topical term or geographic name entry element | Nuevo Liberalismo (Partido político) |
| Geographic subdivision | Colombia |
| 9 (RLIN) | 10531 |
| 942 ## - ADDED ENTRY ELEMENTS (KOHA) | |
| Source of classification or shelving scheme | Dewey Decimal Classification |
| Koha item type | Books |
| Withdrawn status | Lost status | Source of classification or shelving scheme | Damaged status | Not for loan | Home library | Current library | Shelving location | Date acquired | Source of acquisition | Total Checkouts | Full call number | Barcode | Date last seen | Date last checked out | Copy number | Price effective from | Koha item type |
|---|---|---|---|---|---|---|---|---|---|---|---|---|---|---|---|---|---|
| Dewey Decimal Classification | Biblioteca Pública José María del Castillo y Rada | Biblioteca Pública José María del Castillo y Rada | General Stacks | 04/15/2018 | Donación | 1 | 923.2 / V297c | 201809790 | 07/29/2024 | 07/29/2024 | Ej.1 | Books |